Quizzes
Events
Quiz Creation
Community
Videos
Private Events
Remove Ads
Sign In
Join for FREE
Feedback
Dark Mode
Quiz Categories
Sports
Geography
Music
Movies
Television
Just For Fun
Miscellaneous
History
Literature
Language
Science
Gaming
Entertainment
Religion
Holiday
For Kids
Quiz Lab
Recent
Popular Today
Quiz Kudos Today
Editor Picks
Curator Picks
Quizzes by...
Day
Popularity
Type
Ratings
Length
Year
Community
Subscriptions
Recent Discussions
Orange Saloon
Badges
Playlists
Quests
Create
Leaderboards
Showdown
Live 5
Trivia Bingo
Activity
Puzzle Library
Sporcle Events
Private Events
Virtual Trivia
Globe League
Become a Host
Pub Owners
SporcleCon
Opinionation
Our Games
Videos
Blog
Mobile Apps
Partnerships
Remove Ads and Go Orange
Feedback
Movies
Disney
Marvel Cinematic Universe
Movie Resume
Movie Titles
Oscar
Actor
Actress
Director
Pixar
Role
Movie Quotes
Movie Characters
Box Office
Nominee
Best Picture
Star Wars
James Bond
Horror Movies
Movies
Disney
Marvel Cinematic Universe
Movie Resume
Movie Titles
Oscar
Actor
Actress
Director
Pixar
Role
Movie Quotes
Movie Characters
Box Office
Nominee
Best Picture
Star Wars
James Bond
Horror Movies
Random Quiz
Search Sporcle
×
Quiz Lab
Quiz Lab
Movies
Quote
Type in answers that appear in a list
Type in answers that appear in a list
Classic
Best Score? Go Orange.
High School Musical Characters by Quotes Stats
Can you name the HSM (all films) characters from the quote given?
By
Jinxxeh
8m
16 Questions
5,840 Plays
5,840 Plays
5,840 Plays
Comments
Comments
Give Quiz Kudos
Give Quiz Kudos
-
- Ratings
hide this ad
Forced Order
Answers have to be entered in order
Answers have to be entered in order
Random Order
Randomize order of answers
Randomize order of answers
Replay
Link that replays current quiz
Next Quiz
Link to next quiz in quiz playlist
You Got
0%
They Got
Avg Score
59%
Avg Friend Score
Upgrade to see
Score Distribution
Jump to the score distribution portion of the page
Score
0/16
Timer
08:00
0
Plays Today
Clue
Character Name
% Correct
'You are so crazy, Wildcat. And what is it with you and trees?'
Gabriella Montez
83.6%
Thank goodness you've come to your senses! Plug in the volcano. Humu humu's back on. '
Sharpay Evans
82.3%
'I might even make you a creme brulee!'
Zeke Baylor
80.9%
'Go.. go-
dray.. go-
darma...'
Ryan Evans
70.2%
'Where is your sports posse, or whatever you call it?'
Ms. Darbus
67.9%
'Hip hop is my passion. I love to pop, and lock, and jam, and break.'
Martha Cox
67.8%
'No, no, I'm not afraid. I'm just... scared.'
Troy Bolton
65.2%
'Do you know something about this... small person?'
Chad Danforth
59.3%
Clue
Character Name
% Correct
'We're a go. But we're not Charlie's Angels, okay?'
Taylor McKessie
58.7%
'Actually, it's two rats neither of them named Darbus.'
Kelsi Nielsen
56.7%
'What the heck are those two doing in a tree?!'
Coach Jack Bolton
56.1%
'Would you guys get mad if I asked him where I could get one of those Redhawks jackets?'
Jason Cross
55.7%
'That's called acting. You should try it sometime.'
Tiara Gold
44.7%
'Troy, my brother, can I have your gym locker?'
Jimmie Zara
44.5%
'You're all being paid to work, not play Dr. Phil'
Mr. Fulton
43.9%
'Gentlemen.. Start your engines!'
Donny Dion
13.5%
Quiz Playlist
Details
Report
Send in Message
Add To Playlist
Classic:
Type in answers that appear in a list
Forced Order:
Answers have to be entered in order
Random Order:
Randomize order of answers
Last Updated: Feb 16, 2017
Quiz Scoreboard
CHALLENGE
Sign Up to Join the Scoreboard
Show All
Scores
Hide
Comments
May contain spoilers
Recently Published
Pick 6: Fruits
by JohnFran
Miscellaneous
15s
Click the 1999 NBA Draft
by nibperrychub
Sports
2m
Alphabetical 'K' Countries by Flag Minefield
by ylime102
Geography
3m
More to Explore
Quiz From the Vault
Featured Blog Post
15 Basketball Trivia Facts You Can Be March Mad About
hide this ad
You Might Also Like...
Tags
Musical Quiz
Quote Quiz
Character
hsm
school
Today's Top Quizzes in Movies
Browse Movies
hide this ad
Today's Top Quizzes in Quote
Browse Quote
Top Contributed Quizzes in Movies
1
Pick 6: Harry Potter
2
Pick 6: Movie Franchises
3
Pick 6: Actors
4
Pick 6: Actresses
5
Pick 6: Disney Princesses
6
Match The President To The Fictional Crisis
7
Movies of the Seasons
8
Harry Potter Logic Puzzle
9
10 Quentin Tarantino Movies in Order
10
Springtime Movie Scenes (Quiz 2 of 2)
Explore More
Trending Topics
Anime
NBA
Marvel
Disney
Kpop
Crossword
Harry Potter
Song
The Office
NFL
Soccer
WWE
Puzzle
Country
Pokémon
hide this ad
More By:
Jinxxeh
Quiz
Plays
Rating
Category
Featured
Created
High School Musical Soundtrack
6,487
4.00
Music
Oct 3, 2009
High School Musical Characters by Quotes
5,840
3.00
Movies
Dec 27, 2009
Girls Aloud Singles
2,376
4.50
Music
Oct 3, 2009
Name the Meme (Picture Quiz)
582
4.00
Just For Fun
Jul 7, 2012
Go to Creator's Profile
Score Distribution
Quiz Creator Spotlight
Jinxxeh
Follow
Send a Message
Quizzes Created
-
Created Quiz Play Count
-
More By This Creator
Popular Quizzes Today
1
Countries of Asia Without Outlines Minefield
2
Find the US States - No Outlines Minefield
3
Pick 6: Fruits
4
Alphabetical 'K' Countries by Flag Minefield
5
The Countries of the World
6
Find the US States
7
US States
8
Match the Book to the Film X
More Movies Quizzes
Pre-Oscar Filmographies (2013 Best Actor)
Curator's Pick
Trending Quizzes
Pick 6: Mountains
Pick 6: Harry Potter
Pick 6: NFL Teams
Pick 6: Movie Franchises
Pick 6: Flags
Recently Updated
NWSL Teams
pecheneg
Women's Final Four Teams by Year
bhenderson79
Presidents Quartet II
eogle
Anything But Clue(do)
eogle
Anything But Oceanian Capitals
eogle
Anything But 7
eogle
Anything But Thing
eogle
Word Ladder: February 29
pecheneg
Song Title Questions
pecheneg
Women's NCAA Tournament #1 Seeds
pecheneg
Trending Topics
Disney
Marvel
Crossword
NBA
Kpop
Anime
Harry Potter
Country
NFL
Puzzle
Pokémon
Soccer
Song
WWE
The Office
Your Account Isn't Verified!
In order to create a playlist on Sporcle, you need to verify the email address you used during registration. Go to your
Sporcle Settings
to finish the process.
Report this User
Report this user for behavior that violates our
Community Guidelines
.
Details:
Send Report
Go to the Sporcle.com Mobile Site →
Comments